000 01312cad a22002535a 4500
001 L149903
008 100514e2010 xxk 000 0 eng d
035 _a(Sirsi) u149903
041 0 _aeng
050 _a333.72 $2 18
100 1 _aSturgis, Simon
110 2 _aRoyal Institution of Chartered Surveyors
_94900
245 0 0 _aRedefining zero
_bcarbon profiling as a solution to whole life carbon emission measurement in buildings
_h[electronic resource]
260 _aLondon
_bRICS
_c2010
490 _aRICS Research
520 _aThe whole life carbon dioxide emissions of commercial buildings has problems arising due to current UK construction legislation because the significant amounts of carbon used to make and maintain a building are ignored; proposes a solution to correct this problem through the use of a new, simple carbon metric known as Carbon Profiling which quantifies all sources of emissions associated with buildings.
590 _aKA NTK
651 4 _aUnited Kingdom
_y
690 _aBUILT ENVIRONMENT-SUSTAINABLE CONSTRUCTION
700 1 _aRoberts, Gareth
710 _aSturgis Associates
856 4 8 _uhttps://www.building.co.uk/Journals/Builder_Group/Building/30_April_2010/attachments/724_Carbon_Profiling_VIEW.pdf
_zView the website free of charge at www.rics.org
942 _n0
999 _c82315
_d82315